• 首页
  • 本馆介绍
  • 公告通知
  • 最新文献
  • 馆藏检索
  • 电子资源
  • 读者导购
  • 参考咨询
  • 我的图书馆
  • 登录
  • 详细信息显示
  • 放入我的书架
  • 预约/预借图书
  • 作者相关作品
  • 分类相关作品
  • 丛书相关作品
  • 出版社相关作品

书目信息

  • 表格格式
  • 工作单格式
  • 卡片格式
题名:
建设工程监理技术研究
    
 
作者: 李彪 , 董爱枝 , 张瑞锋 主编
分册:  
出版信息: 北京   现代出版社  2020.2
页数: 104页
开本: 21cm
丛书名:
单 册:
中图分类: TU712.2
科图分类:
主题词: 建筑工程--监理工作--研究
电子资源:
ISBN: 978-7-5143-7858-0
000 00871nam0 2200253 45
001 012001000400
005 20140911140438.0
010    @a978-7-5143-7858-0@dCNY29.80
100    @a20210706d2019 em y0chiy50 ea
101 0  @achi
102    @aCN@b110000
105    @aa z 000yy
106    @ar
200 1  @a建设工程监理技术研究@Ajian she gong cheng jian li ji shu yan jiu@b专著@f李彪,董爱枝,张瑞锋主编
210    @a北京@c现代出版社@d2020.2
215    @a104页@c图@d21cm
330    @a本书主要内容包括建设项目工程监理概述、建设项目工程监理的组织、建设工程监理招标投标与合同管理、建设工程监理规划性文件4个章节。
606 0  @a建筑工程@x监理工作@x研究
690    @aTU712.2@v5
701  0 @a李彪@Ali biao@4主编
701  0 @a董爱枝@Adong ai zhi@4主编
701  0 @a张瑞锋@Azhang rui feng@4主编
801  0 @aCN@bBJSDL@c20211011
905    @b1331400-3@dTU712.2@e1845@f4
    
    建设工程监理技术研究/李彪,董爱枝,张瑞锋主编.-北京:现代出版社,2020.2
    104页:图;21cm
    
    
    ISBN 978-7-5143-7858-0:CNY29.80
    本书主要内容包括建设项目工程监理概述、建设项目工程监理的组织、建设工程监理招标投标与合同管理、建设工程监理规划性文件4个章节。
●
相关链接 在E读中查询图书 在五车中查询图书 在当当中查询图书 在豆瓣中查询图书


正题名:建设工程监理技术研究     索取号:TU712.2/1845         预约/预借

序号 登录号 条形码 馆藏地/架位号 状态 备注
1 1331400   213314000   第二样本阅览室/ [索取号:TU712.2/1845] 在馆    
2 1331401   213314019   第三借阅区/ [索取号:TU712.2/1845] 在馆    
3 1331402   213314028   第三借阅区/ [索取号:TU712.2/1845] 在馆    
4 1331403   213314037   第三借阅区/ [索取号:TU712.2/1845] 在馆    
唐山师范学院图书馆 欢迎您!
大连网信软件有限公司© 版权所有